| 000 | | | 04094nmc2a2200000 x 450 |
| 001 | | | e579e287-4120-4b6b-9447-e083830d5ae1 |
| 005 | | | 20170920194456.0 |
| 100 | ## | $a | 20140328l18841885k l0rusy0189 ca |
| 101 | 0# | $a | rus |
| 102 | ## | $a | RU |
| 200 | 1# | $a | Дело о выкупе земельных наделов временнообязанными крестьянами А.В. Благовещенской деревни Каменевой Ливенского уезда Орловской губернии |
| | $j | 22 мая 1884 г. - 24 сентября 1885 г. |
| 251 | ## | $c | Дело |
| 300 | ## | $a | Дело |
| 300 | ## | $a | Ориг. заголовок дела: Дело Благовещенской А.В. Орловской губернии Ливенского уезда деревни Каменевой. 22 мая 1884 г. - 24 сентября 1885 г |
| 801 | #0 | $a | RU |
| | $b | РГИА |
| | $c | 20140328 |
| | $g | RCR |
| 801 | #1 | $a | RU |
| | $b | ГлавНИВЦ |
| | $c | 20140328 |
| | $2 | rusmarc |
| 801 | #2 | $a | RU |
| | $b | ПБ им. Б.Н. Ельцина |
| | $c | 20170920 |
| | $g | RCR |
| | $2 | rusmarc |
| 850 | ## | $a | РГИА |
| 852 | ## | $a | РГИА |
| | $e | Федеральное казенное учреждение "Российский государственный исторический архив" (РГИА) |
| | $j | 1516 |
| 937 | ## | $h | РГИА |
| | $d | 11029624 |
| | $a | ASBIBLIO_SCAN |
| 462 | #0 | $1 | 0012327ab3a-0548-404e-b4cb-e37355ac5039 |
| | $1 | 2001 |
| | $a | 1863-1889 гг. |
| | $1 | 251 |
| | $c | Опись |
| | $1 | 852 |
| | $j | 26 |
| 461 | #0 | $1 | 0018ef30ad5-ff5c-4840-a721-74c62a200f95 |
| | $1 | 2001 |
| | $a | Главное выкупное учреждение Министерства финансов |
| | $1 | 251 |
| | $c | Фонд |
| | $1 | 852 |
| | $j | 577 |
| 215 | ## | $a | 30 л. |
| | $d | 36,5х26 см |
| 371 | ## | $a | Документ не является опубликованным и широко распространяемым |
| 105 | ## | $a | y### |
| 122 | 2# | $a | d |
| 517 | 1# | $a | Дело Благовещенской А.В. Орловской губернии Ливенского уезда деревни Каменевой. 22 мая 1884 г. - 24 сентября 1885 г. |
| 035 | ## | $a | e579e287-4120-4b6b-9447-e083830d5ae1 |
| 856 | ## | $u | http://readingroom.main.prlib.ru/item.aspx?id_node=n105072064&mode=full |